5 to 1: US States Quiz Stats

 Plays Quiz Updated Dec 15, 2018

Support Sporcle.
Go Orange.
Score 0/15 Timer 03:00
3 Plays Today
% Correct
California
99.1%
Hawaii
98.2%
Alaska
98.1%
Washington
97.1%
Rhode Island
96.8%
Oregon
96%
Michigan
95.8%
Illinois
95.4%
% Correct
Wisconsin
93.7%
Delaware
92.7%
Indiana
92.7%
New Hampshire
90%
Kentucky
86.4%
Colorado
82.8%
Connecticut
82.3%

From the Vault

Europe by Soccer Teams

by NO_r_WAY

Sports 4m
Imagine if countries mapped themselves by sports teams.
Remove Ads.
Support Sporcle.
Get the best of Sporcle when you Go Orange. This ad-free experience offers more features, more stats, and more fun while also helping to support Sporcle. Thank you for becoming a member.

Show Comments

Extras

Top Quizzes Today


Score Distribution

Your Account Isn't Verified!

In order to create a playlist on Sporcle, you need to verify the email address you used during registration. Go to your Sporcle Settings to finish the process.

Report this User

Report this user for behavior that violates our Community Guidelines.

Details: